Civil Estimating & Costing (Record no. 4945)

MARC details
000 -LEADER
fixed length control field 00396nam a22001697a 4500
005 - DATE AND TIME OF LATEST TRANSACTION
control field 20160630142523.0
008 - FIXED-LENGTH DATA ELEMENTS--GENERAL INFORMATION
fixed length control field 160630b xxu||||| |||| 00| 0 eng d
020 ## - INTERNATIONAL STANDARD BOOK NUMBER
ISBN 81-85749-98-1
041 ## - LANGUAGE CODE
Language code of text/sound track or separate title eng
082 ## - DEWEY DECIMAL CLASSIFICATION NUMBER
Item number 14453
100 ## - MAIN ENTRY--AUTHOR NAME
Personal name Upadhayay, A K
245 ## - TITLE STATEMENT
Title Civil Estimating & Costing
260 ## - PUBLICATION, DISTRIBUTION, ETC. (IMPRINT)
Name of publisher Katson
Year of publication 2012
300 ## - PHYSICAL DESCRIPTION
Number of Pages 460
650 ## - SUBJECT ADDED ENTRY--TOPICAL TERM
Topical Term Diploma Engineering
942 ## - ADDED ENTRY ELEMENTS (KOHA)
Koha item type Books
Holdings
Lost status Damaged status Home library Current library Shelving location Date acquired Cost, normal purchase price Full call number Accession Number Koha item type
    JRU Library   SHELF-46-A 30/06/2016 250.00 14453 14453 Books
    JRU Library   SHELF-45-E 30/06/2016 250.00 14453 14454 Books
    JRU Library   SHELF-45-A 30/06/2016 250.00 14453 14455 Books
    JRU Library   SHELF-45-D 30/06/2016 250.00 14453 14456 Books
    JRU Library   SHELF-45-E 30/06/2016 250.00 14453 14457 Books
    JRU Library   SHELF-45-C 30/06/2016 250.00 14453 14458 Books
    JRU Library   SHELF-45-B 30/06/2016 250.00 14453 14459 Books
    JRU Library     30/06/2016 250.00 14453 14460 Books
    JRU Library   SHELF-45-A 30/06/2016 250.00 14453 14461 Books
    JRU Library     30/06/2016 250.00 14453 14462 Books
    JRU Library   SHELF-45-E 30/06/2016 250.00 14453 14463 Books
    JRU Library   SHELF-45-D 30/06/2016 250.00 14453 14464 Books